[Event "Lakitelek Magyarok op"]
[Site "Lakitelek"]
[Date "2011.08.06"]
[Round "1"]
[White "Abel, Istvan"]
[Black "Meszaros, Vilmos"]
[Result "0-1"]
[WhiteElo "1551"]
[BlackElo "1941"]
[PlyCount "54"]
[EventDate "2011.08.06"]
[EventType "swiss"]
[EventRounds "9"]
[EventCountry "HUN"]
[SourceTitle "CBM 144 Extra"]
[Source "ChessBase"]
[SourceDate "2011.10.28"]
[SourceVersion "1"]
[SourceVersionDate "2011.10.28"]
[SourceQuality "1"]

1. e4 d5 2. exd5 Qxd5 3. Nf3 Bg4 4. Be2 Nc6 5. Nc3 Qd7 6. 0-0 0-0-0 7. d3 e5 8. h3 Bf5 9. Be3 f6 10. a3 g5 11. b4 h5 12. Nxg5 fxg5 13. Bxg5 Be7 14. Bxe7 Ngxe7 15. Kh2 Qd4 16. Nb5 Qh4 17. Qc1 a6 18. Nc3 Rhg8 19. Qe3 Ng6 20. Qg3 Qd4 21. Ne4 Nf4 22. c3 Rxg3 23. cxd4 Rxg2+ 24. Kh1 Nxd4 25. Bxh5 Rh8 26. Ng3 Rxh5 27. Nxh5 Nf3 0-1

[Event "HUN-chT2 Breyer 0910"]
[Site "Hungary"]
[Date "2009.11.08"]
[Round "1"]
[White "Meszaros, Vilmos"]
[Black "Dekany, Lajos"]
[Result "1/2-1/2"]
[WhiteElo "1925"]
[BlackElo "2069"]
[PlyCount "71"]
[EventDate "2009.11.08"]
[EventType "team-tourn"]
[EventRounds "11"]
[EventCountry "HUN"]
[SourceTitle "EXT 2011"]
[Source "ChessBase"]
[SourceDate "2010.11.26"]
[SourceVersion "1"]
[SourceVersionDate "2010.11.26"]
[SourceQuality "1"]
[WhiteTeam "Turul"]
[BlackTeam "Kisber Aszar"]
[WhiteTeamCountry "HUN"]
[BlackTeamCountry "HUN"]

1. Nf3 Nf6 2. c4 e6 3. b3 c5 4. Bb2 d5 5. g3 Nc6 6. cxd5 exd5 7. Bg2 h6 8. 0-0 Be6 9. d4 b6 10. Nbd2 Be7 11. Re1 0-0 12. Rc1 Rc8 13. e3 Nb4 14. Ne5 Nd7 15. Ndf3 cxd4 16. Rxc8 Qxc8 17. Bxd4 Nxe5 18. Bxe5 Qa6 19. a4 Qd3 20. Bd4 Qc2 21. Qa1 f6 22. Rc1 Qxb3 23. Rc3 Qa2 24. Qxa2 Nxa2 25. Rc7 Bb4 26. Rxa7 Rc8 27. h3 Bc5 28. a5 Nc1 29. axb6 Ne2+ 30. Kh2 Nxd4 31. Nxd4 Bxb6 32. Ra6 Bxd4 33. Rxe6 Be5 34. Bxd5 Kh7 35. Rc6 Rxc6 36. Bxc6 1/2-1/2

[Event "HUN-chT2 Breyer 0809"]
[Site "Hungary"]
[Date "2008.10.26"]
[Round "1"]
[White "Juhasz, Laszlo"]
[Black "Meszaros, Vilmos"]
[Result "1-0"]
[WhiteElo "2176"]
[BlackElo "1925"]
[PlyCount "57"]
[EventDate "2008.10.26"]
[EventType "team-tourn"]
[EventRounds "11"]
[EventCountry "HUN"]
[SourceTitle "EXT 2010"]
[Source "ChessBase"]
[SourceDate "2010.11.25"]
[SourceVersion "1"]
[SourceVersionDate "2010.11.25"]
[SourceQuality "1"]
[WhiteTeam "Tatai Honved"]
[BlackTeam "Turul"]
[WhiteTeamCountry "HUN"]
[BlackTeamCountry "HUN"]

1. e4 e5 2. Nf3 Nc6 3. Bc4 Bc5 4. 0-0 d6 5. c3 Be6 6. Bxe6 fxe6 7. Qb3 Qc8 8. Ng5 Nd8 9. Qd1 Nf6 10. d4 Bb6 11. a4 c6 12. a5 Bc7 13. dxe5 dxe5 14. Nd2 h6 15. Ngf3 0-0 16. Qe2 Nf7 17. Nc4 b5 18. axb6 axb6 19. Be3 Qb7 20. Nh4 Kh7 21. Rxa8 Rxa8 22. f4 exf4 23. Bxf4 b5 24. e5 bxc4 25. exf6 Bb6+ 26. Kh1 g6 27. Qxe6 Rg8 28. Rd1 Qa8 29. Qxf7+ 1-0